Nos ad justitiam esse natos: libro homenaje a la Escuela de Derecho de la Universidad de Valparaíso en el centenario de su fundación, 1911-2011
Uloženo v:
| Hlavní autoři: | , , , |
|---|---|
| Médium: | Kniha |
| Jazyk: | španělština |
| Vydáno: |
Valparaíso
EDEVAL
2011
|
| Vydání: | 1a. ed |
| Témata: | |
| Tagy: |
Přidat tag
Žádné tagy, Buďte první, kdo vytvoří štítek k tomuto záznamu!
|
MARC
| LEADER | 00000cam a2200000 a 4500 | ||
|---|---|---|---|
| 001 | UCC3017 | ||
| 003 | CL-VaPUC | ||
| 008 | 180406e20110000cl |||||||||||||||||spa|d | ||
| 020 | |a 978956200109o.c | ||
| 082 | 0 | 4 | |a 340.1 |b DIE |2 21 |
| 100 | 0 | |a Díez-Picazo y Ponce de León, Luis |e author |9 597046 | |
| 700 | |a Garzón Valdés, Ernesto |e author |9 597047 | ||
| 700 | 0 | |a Grossman, Claudio M |e author |9 597048 | |
| 700 | 0 | |a Zaffaroni, Eugenio Raúl |e author |9 597049 | |
| 245 | 1 | 0 | |a Nos ad justitiam esse natos: libro homenaje a la Escuela de Derecho de la Universidad de Valparaíso en el centenario de su fundación, 1911-2011 |
| 250 | |a 1a. ed | ||
| 300 | |a v | ||
| 942 | |c BK | ||
| 945 | |d 20180406 12:36:00 |a dcastane | ||
| 260 | |a Valparaíso |b EDEVAL |c 2011 | ||
| 650 | 0 | |a Filosofía del derecho |9 255050 | |
| 650 | 0 | |a Teoría del derecho |9 255982 | |
| 650 | 0 | |a Fuentes del derecho |9 255162 | |
| 583 | |a last modification |c 20180406 12:36:00 |k Rodrigo Vera | ||
| 999 | |c 370884 |d 370882 | ||
| 952 | |0 0 |1 0 |3 erd |4 0 |6 340_100000000000000_DIE_2011 |7 0 |8 A |9 487577 |a BIBDER |b BIBDER |h v.1 |i 5461596 |o 340.1 DIE 2011 |p 5461596 |r 2023-01-25 |w 2019-11-24 |y BK |z Catalogado en:20180406 |k DER | ||
| 952 | |0 0 |1 0 |3 erd |4 0 |6 340_100000000000000_DIE_2011 |7 0 |8 A |9 487578 |a BIBDER |b BIBDER |h v.2 |i 546160K |o 340.1 DIE 2011 |p 546160K |r 2023-01-25 |w 2019-11-24 |y BK |z Catalogado en:20180406 |k DER | ||